000 01225nam a22002897a 4500
005 20240530110453.0
008 150521s2010 ua g b 000 0 ara d
017 _a2010/9728
_bمصر . دار الكتب المصرية
020 _a9789773832109
040 _aEG-CaGPL
082 0 4 _221
_a342.02\
_bع ت
100 0 _aعلى يوسف شكرى .
245 1 2 _aالتناسب بين سلطة رئيس الدولة و مسئووليته فى الدساتير العربية /
_cعلى يوسف شكرى .
250 _aط1.
260 _aالقاهرة :
_bايتراك للطباعة والنشر والتوزيع ،
_c2010.
300 _a202 ص ؛
_c24 سم.
504 _aببليوجرافية : ص 192 - 200
650 0 4 _aالدساتير
_zالعالم العربى .
650 0 4 _aرؤساء الجمهورية
_xمحاكمات .
650 0 4 _aالملوك والحكام
_xواجبات .
650 0 4 _aرؤساء الجمهورية
_xاستغلال السلطة .
650 0 4 _aرؤساء الجمهورية
_xصلاحيات
650 0 4 _aمصر
_xنظام الحكم .
651 0 4 _aالعالم العربى
_xنظام الحكم .
942 _2ddc
_cBK
999 _c61298
_d61298